Prezentujte se správně

Aké sú druhy reklamy a ako vybrať ten vhodný pre svoju firmu. Desatoro efektívnej reklamy.

Saved in:
Bibliographic Details
Main Author: Ondráčková, Kamila
Format: Book Chapter
Language:Czech
Subjects:
Tags: Add Tag
No Tags, Be the first to tag this record!

MARC

LEADER 00000naa$a2200000$$$4500
001 0111751
005 20230804112104.6
041 0 |a cze 
044 |a CZ 
245 1 0 |a Prezentujte se správně  |c Kamila Ondráčková 
520 |a Aké sú druhy reklamy a ako vybrať ten vhodný pre svoju firmu. Desatoro efektívnej reklamy. 
610 2 0 |a firmy 
610 2 0 |a reklama 
610 2 0 |a techniky reklamné 
100 1 |a Ondráčková, Kamila